000 00551nab a2200193 a 4500
001 11712
003 23064
005 20201118095424.0
008 ||||||n9999 ||| || ||
041 _aspa
245 0 _aDivision politico-administrativa...1975
260 _aBogotá :
_bDepartamento Administrativo Nacional de Estadística,
_c1974.
300 _a275p
562 _e1
650 _aCOLOMBIA
650 _aDIVISION POLITICO ADMINISTRATIVA DEL ESTADO
773 _059566
_aDivision politico administrativa de Colombia
942 _cDO-GO
999 _c11712
_d11712